| 000 | 01126cam a22003015a 4500 | ||
|---|---|---|---|
| 001 | 17899338 | ||
| 005 | 20201128024245.0 | ||
| 008 | 130926t2014 enka fr 001 0 eng d | ||
| 020 | _a9780273784357 | ||
| 040 |
_aDLC _beng _cDLC _dDLC _dEG-ScBUE |
||
| 082 | 0 | 4 |
_222 _a658.40019 _bBUZ |
| 100 | 1 |
_aBuzan, Tony. _96670 |
|
| 245 | 1 | 0 |
_aMind maps for business : _busing the ultimate thinking tool to revolutionise how you work / _cTony Buzan ; editor Chris Griffiths and James Harrison. |
| 250 | _a2nd ed. | ||
| 260 |
_aHarlow : _bPearson Education Limited, _cc.2014. |
||
| 300 |
_axxvi, 270 p. : _bill. ; _c24 cm. |
||
| 500 | _aRevised edition of the author's Mind maps for business : revolutionise your business thinking and practice, published in 2010. | ||
| 500 | _aIncludes index. | ||
| 650 | 7 |
_aSuccess in business. _2BUEsh _91390 |
|
| 650 | 7 |
_aIntellect. _2BUEsh _9804 |
|
| 650 | 7 |
_aBrain. _2BUEsh _9808 |
|
| 650 | 7 |
_aThought and thinking. _2BUEsh _9737 |
|
| 651 | _2BUEsh | ||
| 653 |
_bGGEN _bBUSADM _cFebruary2018 |
||
| 700 | 1 |
_aGriffiths, Chris, _eeditor. |
|
| 700 | 1 |
_aHarrison, James, _d1954- _eeditor. |
|
| 942 | _2ddc | ||
| 999 |
_c26206 _d26178 |
||